| 000 | 00872cam a22002775a 4500 | ||
|---|---|---|---|
| 001 | 016467123 | ||
| 003 | OSt | ||
| 005 | 20151116115650.0 | ||
| 008 | 130516t2014 ne a frb 001 0 eng d | ||
| 020 | _a9780080982328 (hbk.) | ||
| 040 |
_aStDuBDS _beng _cStDuBDS _dUk _dEG-ScBUE _dEG-ScBUE |
||
| 082 | 0 | 4 |
_a620.193 _bCAR _222 |
| 245 | 0 | 0 |
_aCarbon nanotubes and graphene / _cedited by K. Tanaka and S. Iijima. |
| 250 | _a2nd ed. | ||
| 260 |
_aAmsterdam ; _aOxford : _bElsevier, _cc.2014. |
||
| 300 |
_axii, 445 p. : _bill. ; _c24 cm. |
||
| 500 | _aIndex : p. 435-445. | ||
| 504 | _aIncludes bibliographical references. | ||
| 650 | 0 |
_aGraphene. _2BUEsh |
|
| 650 | 0 |
_aCarbon nanotubes. _2BUEsh |
|
| 651 | _2BUEsh | ||
| 653 |
_bENGGEN _cAugust2015 _cNovember2015 |
||
| 700 | 1 |
_aTanaka, Kazuyoshi, _eeditor. |
|
| 700 | 1 |
_aIijima, Sumio, _eeditor. |
|
| 942 |
_2ddc _k620.193 CAR |
||
| 999 |
_c20642 _d20614 |
||